| 000 | 00510nam a2200193Ia 4500 | ||
|---|---|---|---|
| 005 | 20250423100854.0 | ||
| 008 | 250422s9999 xx 000 0 und d | ||
| 020 | _a9781259835353 | ||
| 050 | _aRD 31 .S3/ | ||
| 100 | _aEdited by Brunicardi, F. Charles...[et al.] | ||
| 245 | 0 | _aSchwartz’s principles of surgery (vol.2) | |
| 250 | _a11th ed. | ||
| 260 | _aNew York | ||
| 260 | _bMcGraw-Hill | ||
| 260 | _c2019 | ||
| 300 | _a1165 - 2195 p | ||
| 650 | _a Surgical Procedures, Operative | ||
| 942 | _cBK | ||
| 999 |
_c34598 _d34598 |
||